| 000 | 01306nac a22003251i 4500 | ||
|---|---|---|---|
| 003 | EG-ScBUE | ||
| 005 | 20240227115235.0 | ||
| 008 | 240227t1990 ua ab f 000 0 eng d | ||
| 020 | _a977508900X | ||
| 040 |
_aEG-ScBUE _beng _erda _cEG-ScBUE _dEG-ScBUE |
||
| 043 | _af-ua--- | ||
| 082 | 0 | 4 |
_a912.6216 _bAMI _222 |
| 100 | 1 |
_aAmin, Naguib, _eauthor. |
|
| 245 | 1 | 0 |
_aCairo A-Z : _bcomplete Cairo street-finder = دليل خرائط شوارع القاهرة / _c[author, Naguib Amin ; principal cartographer, Muhammad Al-Mahdy]. |
| 246 | 3 | _aCairo A to Z. | |
| 246 | 3 | 1 | _aدليل خرائط شوارع القاهرة |
| 246 | 3 | _aComplete Cairo street-finder. | |
| 250 | _aNew, revision and extended edition. | ||
| 264 | 1 |
_aCairo : _bThe Palm Press, _c[1990] |
|
| 264 | 4 | _cc1990 | |
| 300 |
_a1 atlas (1 volume (various pagings)) : _billustrations (some color), color maps ; _c24 cm |
||
| 336 |
_2rdacontent _atext _btxt |
||
| 337 |
_aunmediated _2rdamedia _bn |
||
| 338 |
_avolume _bnc _2rdacarrier |
||
| 500 | _aIncludes over 150 pages of colour maps, 6000 street index, revised & updated & new Cairo guide, Cairo districts & points of reference. | ||
| 651 | 7 |
_aCairo (Egypt) _vMaps. _2BUEsh |
|
| 655 | _vReading book | ||
| 700 | 1 |
_aMahdy, Muhammad, _ecartographer. |
|
| 942 |
_cBB _2ddc |
||
| 999 |
_c9741 _d9741 |
||